书目信息 |
| 题名: |
北京
|
|
| 作者: | 王连义 编著 | |
| 分册: | ||
| 出版信息: | 北京 中国旅游出版社 1998.11 |
|
| 页数: | 173页 | |
| 开本: | 32开 | |
| 丛书名: | 自助旅游手册 | |
| 单 册: | ||
| 中图分类: | K928.91 | |
| 科图分类: | ||
| 主题词: | 旅游 | |
| 电子资源: | ||
| ISBN: | 7-5032-1334-5 | |
| 000 | 00613nam0 2200229 45 | |
| 001 | 0205280850 | |
| 005 | 20031219104056.0 | |
| 010 | @a7-5032-1334-5@dCNY8.50 | |
| 100 | @a20020528d1998 km y0chiy0120 ea | |
| 101 | 0 | @achi |
| 105 | @aa z 000yy | |
| 200 | 1 | @a北京@ABei Jing@f王连义编著@FWangLian Yi Bian Zhu |
| 210 | @a北京@c中国旅游出版社@d1998.11 | |
| 215 | @a173页@c插图@d32开 | |
| 225 | @a自助旅游手册 | |
| 410 | @12001 @a自助旅游手册 | |
| 606 | 0 | @x旅游 |
| 607 | @a北京@x概况 | |
| 690 | @aK928.91@v4 | |
| 701 | @a王连义@4编著 | |
| 801 | @aCN@bTSTC@c20020528 | |
| 905 | @b310858-862@dK928.91@e228@f5 | |
| 北京/王连义编著.-北京:中国旅游出版社,1998.11 |
| 173页:插图;32开.-(自助旅游手册) |
| ISBN 7-5032-1334-5:CNY8.50 |
| ● |
| 相关链接 |
|
|
|
|
正题名:北京
索取号:K928.91/228
 
预约/预借
| 序号 | 登录号 | 条形码 | 馆藏地/架位号 | 状态 | 备注 |
| 1 | 0310858 | 203108582 | 第二借阅区/ [索取号:K928.91/228] | 在馆 | |
| 2 | 0310859 | 203108591 | 第二借阅区/ [索取号:K928.91/228] | 在馆 | |
| 3 | 0310860 | 203108608 | 第二借阅区/ [索取号:K928.91/228] | 在馆 | |
| 4 | 0310861 | 203108617 | 第二借阅区/ [索取号:K928.91/228] | 在馆 | |
| 5 | 0310862 | 203108626 | 第二样本阅览室/ [索取号:K928.91/228] | 在馆 |